| 000 -LEADER |
| fixed length control field |
00602nam a2200205Ia 4500 |
| 040 ## - CATALOGING SOURCE |
| Transcribing agency |
MOA |
| 082 ## - DEWEY DECIMAL CLASSIFICATION NUMBER |
| Classification number |
631 INT 1985 C144 Or. |
| 100 1# - MAIN ENTRY--AUTHOR NAME |
| Personal name |
Ellis, R. H |
| 245 10 - TITLE STATEMENT |
| Title |
Handbook of seed technology for genebanks / |
| 260 ## - PUBLICATION, DISTRIBUTION, ETC. (IMPRINT) |
| Place of publication |
Rome : |
| Name of publisher |
International Board for Plant Genetic Resources, |
| Year of publication |
1985 |
| 300 ## - PHYSICAL DESCRIPTION |
| Number of Pages |
2 v. : |
| Other physical details |
ill. ; |
| Dimensions |
30 cm |
| 490 1# - SERIES STATEMENT |
| Series statement |
Handbook for genebanks ; |
| 650 #0 - SUBJECT ADDED ENTRY--TOPICAL TERM |
| Topical Term |
Gene banks, Plant |
| 650 #0 - SUBJECT ADDED ENTRY--TOPICAL TERM |
| Topical Term |
Germplasm resources, Plant |
| 650 #0 - SUBJECT ADDED ENTRY--TOPICAL TERM |
| Topical Term |
Seeds |
| 700 10 - ADDED ENTRY--PERSONAL NAME |
| Personal name |
Hong, T. D |
| 700 10 - ADDED ENTRY--PERSONAL NAME |
| Personal name |
Roberts, E. H. |
| 710 20 - ADDED ENTRY--CORPORATE NAME |
| Corporate name or jurisdiction name as entry element |
International Board for Plant Genetic Resources |
| 942 ## - ADDED ENTRY ELEMENTS (KOHA) |
| Koha item type |
ADB |
| 952 ## - LOCATION AND ITEM INFORMATION (KOHA) |
| Withdrawn status [LOCAL, KOHA] |
0 |